000 00267nam a2200121Ia 4500
008 190216s9999||||xx |||||||||||||| ||und||
100 _aKarl Max
245 0 _aMooladhanam
260 _bNational Book Stall
_c1968
300 _a739p
650 _aHistory
942 _cBK
999 _c18695
_d18695